000 00347nam a2200157Ia 4500
003 OSt
005 20231205041124.0
008 170524s9999 xx 000 0 und d
020 _a9780070617131
040 _cIIMT UNIVERSITY
100 _aBalagurusamy E
245 0 _aProgramming with Java
260 _bTMH
260 _c2007
942 _2ddc
_c02
999 _c5311
_d5311